|
|
|
|
| LEADER |
00000csc a2200000 a 4500 |
| 001 |
40580-2 |
| 005 |
20230308215858.0 |
| 008 |
000000|1972 ||||||||r|||||||||||spa|| |
| 040 |
|
|
|b spa
|
| 041 |
1 |
|
|a spa
|
| 082 |
0 |
|
|a 630.5
|b I59b
|
| 245 |
|
|
|a Algunas notas sobre el análisis de los datos de pesca de arrastre del instituto nacional de pesca
|c Harold Loesch y Mario Cobo
|h imp
|
| 264 |
|
|
|a Guayaquil
|b Instituto Nacional de Pesca del Ecuador
|c Agosto de 1972
|
| 300 |
|
|
|a 28 páginas:
|b ilu
|c 22 cm
|
| 362 |
|
|
|a Vol. 2; no.2 (agosto de 1972)
|
| 650 |
|
|
|a Boletin informativo
|9 24172
|
| 650 |
|
|
|a Pesca ecuatoriana
|9 176592
|
| 700 |
1 |
|
|a Cobo, Mario
|9 303762
|
| 700 |
1 |
|
|a Loesch, Harold
|9 303763
|
| 710 |
1 |
|
|a Instituto Nacional de Pesca del Ecuador
|9 184258
|
| 852 |
|
|
|a UC-CDJBV
|c ESTANTERIA CERRADA
|f Donación
|k margarita.gutierrez
|l 1
|m General
|p 00000000
|q 3.00
|r 2
|t 40580-2
|b 0
|d CDRC
|e CDRC
|g 630.5 I59b ESTANTERIA CERRADA
|z 0000-00-00
|
| 942 |
|
|
|
| 999 |
|
|
|c 132236
|d 132236
|